| 000 | 01124cam a22003257a 4500 | ||
|---|---|---|---|
| 003 | CHAP | ||
| 005 | 20220329141413.0 | ||
| 008 | 971013s1989 r 00010 d | ||
| 010 | _a67622 | ||
| 011 | _a68594 | ||
| 035 | _a78067 | ||
| 040 | _cCHAP | ||
| 090 | _aTesis | ||
| 100 | 0 | 0 |
_aGarcía Martínez, Fausto Gastón. _946261 |
| 245 | 1 | 3 | _aLa petrolización de la economía mexicana, sector externo y efectos sobre la agricultura 1978-1986 |
| 260 |
_aChapingo, Méx. : _bEl autor, _c1989 |
||
| 300 | _a132 h. | ||
| 502 | _aTesis (Ing. Agr. Esp. en Economía Agrícola) -- UACH. Departamento de Economía Agrícola | ||
| 590 |
_aALEPH _b10 _c20130110 _lUCH01 _h1402 |
||
| 590 |
_aBATCH-UPD _b10 _c20130110 _lUCH01 _h0619 |
||
| 590 |
_aBATCH-UPD _b10 _c20130410 _lUCH01 _h0302 |
||
| 590 |
_aBATCH-UPD _b10 _c20130914 _lUCH01 _h0317 |
||
| 590 |
_aCONVERSION _b10 _c20130109 _lUCH01 _h1337 |
||
| 650 | 1 | 4 |
_aAgricultura y Estado _xMéxico. _92054 |
| 650 | 1 | 4 |
_aPetróleo _zMéxico. _987678 |
| 650 | 1 | 4 |
_aPolítica petrolera _xMéxico. _990688 |
| 901 | _aBK | ||
| 942 | _cTESIS | ||
| 949 |
_bBC _cTES _d-30941 _eTS1 _h21123 _i78067 _si |
||
| 999 |
_c67622 _d67622 |
||